| 000 | 00659cam a2200205 4500 | ||
|---|---|---|---|
| 001 | D15690 | ||
| 008 | 090401t1984 xxu||||| |||| 00| 0 eng d | ||
| 035 | _a(Sirsi) u24610 | ||
| 041 | _aeng | ||
| 050 | _a389.1520212 | ||
| 090 | _aRICS 1984/23ABC | ||
| 110 |
_aRoyal Institution of Chartered Surveyors _bQuantity Surveyors' Division _91263 |
||
| 245 | _aMetric equivalents of imperial units for the construction industry | ||
| 260 |
_aLondon _bSurveyors` Publications _c1984 |
||
| 300 | _a9p. 16x22cm | ||
| 350 | _a0 | ||
| 520 | _aFiled in box RICS 1984/23 ABC : Extra copy RICS 1984/23E filed at 389.1520212 (Ref) | ||
| 942 | _n0 | ||
| 948 | _c04/03/1997 | ||
| 999 |
_c88576 _d88576 |
||